Corrosion Engineering / (Record no. 12925)

MARC details
000 -LEADER
fixed length control field 01052pam a2200277 a 4500
001 - CONTROL NUMBER
control field 4278414
005 - DATE AND TIME OF LATEST TRANSACTION
control field 20030131101019.0
008 - FIXED-LENGTH DATA ELEMENTS--GENERAL INFORMATION
fixed length control field 850814s1986 nyua | b 001 0 eng d
010 ## - LIBRARY OF CONGRESS CONTROL NUMBER
LC control number 85019713
020 ## - INTERNATIONAL STANDARD BOOK NUMBER
International Standard Book Number 0070214638
040 ## - CATALOGING SOURCE
Original cataloging agency DLC
Transcribing agency DLC
Modifying agency DLC
050 00 - LIBRARY OF CONGRESS CALL NUMBER
Classification number TA418.74
Item number .F6 1986
082 00 - DEWEY DECIMAL CLASSIFICATION NUMBER
Classification number 620.11223
Edition number 22
Item number FON
100 1# - MAIN ENTRY--PERSONAL NAME
Personal name Fontana, Mars Guy,
Dates associated with a name 1910-
9 (RLIN) 9407
245 10 - TITLE STATEMENT
Title Corrosion Engineering /
Statement of responsibility, etc Mars G. Fontana.
250 ## - EDITION STATEMENT
Edition statement 3rd ed.
260 ## - PUBLICATION, DISTRIBUTION, ETC. (IMPRINT)
Place of publication, distribution, etc New York :
Name of publisher, distributor, etc McGraw-Hill,
Date of publication, distribution, etc c1986.
300 ## - PHYSICAL DESCRIPTION
Extent xix, 556 p. :
Other physical details ill. ;
Dimensions 22 cm.
440 #0 -
-- 9408
490 ## - Series Statement
Series statement McGraw-Hill series in materials science and engineering
504 ## - BIBLIOGRAPHY, ETC. NOTE
Bibliography, etc Includes bibliographies and index.
650 #0 - SUBJECT ADDED ENTRY--TOPICAL TERM
Topical term or geographic name as entry element Corrosion and anti-corrosives.
9 (RLIN) 9409
856 41 - ELECTRONIC LOCATION AND ACCESS
Materials specified Table of contents
Uniform Resource Identifier <a href="http://www.loc.gov/catdir/toc/mh023/85019713.html">http://www.loc.gov/catdir/toc/mh023/85019713.html</a>
942 ## - ADDED ENTRY ELEMENTS (KOHA)
Source of classification or shelving scheme Dewey Decimal Classification
Item type Book - Borrowing
Holdings
Withdrawn status Item status Source of classification or shelving scheme Damaged status Not for loan Vendor Home library Current library Shelving location Date acquired Source of acquisition Cost, normal purchase price Serial Enumeration / chronology Total Checkouts Total Renewals Full call number Barcode Date last seen Date last borrowed Koha item type
    Dewey Decimal Classification     Baccah Central Library Central Library First floor 17/11/2009   190.00 9014 11 59 620.11223 FON 000018914 15/07/2025 25/09/2018 Book - Borrowing